000 00819nam a22002297a 4500
003 UA-OsUOA
001 41742
007 ta
008 20080930b un ||||| |||| 00| 0 ukr d
100 _aМихайловский Василий
090 _a09/281.9
_bМ69
942 _cBK
040 _aUA-OsUOA
_brus
_cUA-OsUOA
_dUA-OsUOA
245 _aУченіе о православном богослуженіі.
_bПриложеніе краткой славянской грамматики, словаря славянскихъ словъ и церковныхъ песнопеній.
300 _a120 с.
955 _a4
041 _arus
080 _a09/281.9
260 _aС.-Петербург
_c1889
650 7 _a281.9 Східна православна церква і скопці
_2UDC
999 _c440240
_d440240